Score 0/30 Timer 05:00
1 Play Today
Half Half % Correct
Animal GeorgeFarm Orwell
96.5%
Anna LeoKarenina Tolstoy
79.5%
Gulliver's JonathanTravels Swift
79.2%
Atlas AynShrugged Rand
77%
Jurassic MichaelPark Crichton
68.6%
Robinson DanielCrusoe Defoe
67.8%
Cat's KurtCradle Vonnegut
66.3%
Bleak CharlesHouse Dickens
65.4%
Salem's StephenLot King
64.6%
Mansfield JanePark Austen
63.6%
I, IsaacRobot Asimov
59.7%
Finnegans JamesWake Joyce
58.2%
Breaking StephenieDawn Meyer
56.5%
Cannery JohnRow Steinbeck
54.8%
Brideshead EvelynRevisited Waugh
53%
Half Half % Correct
Madame GustaveBovary Flaubert
47.5%
Mrs. VirginiaDalloway Woolf
45.4%
Lord JosephJim Conrad
45%
Silas GeorgeMarner Eliot
44.4%
Absalom WilliamAbsalom Faulkner
41.1%
Billy HermanBudd Melville
40.4%
Portnoy's PhilipComplaint Roth
39.9%
Tar ToniBaby Morrison
39.9%
Midnight's SalmanChildren Rushdie
39.5%
Main SinclairStreet Lewis
37.7%
Deception DanPoint Brown
34.8%
Watership RichardDown Adams
33.1%
Foucault's UmbertoPendulum Eco
30.7%
Gravity's ThomasRainbow Pynchon
25.7%
Artemis EoinFowl Colfer
24.2%
Remove Ads.
Support Sporcle.
Get the best of Sporcle when you Go Orange. This ad-free experience offers more features, more stats, and more fun while also helping to support Sporcle. Thank you for becoming a member.

You're not logged in!

Compare scores with friends on all Sporcle quizzes.
OR
Log In

Show Comments

Extras

Top Quizzes Today


Score Distribution

Your Account Isn't Verified!

In order to create a playlist on Sporcle, you need to verify the email address you used during registration. Go to your Sporcle Settings to finish the process.

Report this User

Report this user for behavior that violates our Community Guidelines.

Details: